Statistics for Cities with the Most Expensive Property Price

Click here to take the quiz!

General Stats

  • This quiz has been taken 236 times
    (135 since last reset)
  • The average score is 16 of 20

Answers on the Map

Answers color-coded by a green-red scale on the quiz's map according to % correct below.
 

Answer Stats

ContinentUSD/m2City% Correct
Europe$15,708London
97%
North America$15,010New York
97%
Europe$16,688Paris
96%
Asia$11,941Tokyo
96%
Asia$18,025Singapore
92%
Asia$32,231Hong Kong
89%
Asia$15,483Shanghai
88%
Asia$15,968Beijing
87%
Oceania$11,162Sydney
86%
Asia$20,334Seoul
81%
North America$13,340San Francisco
78%
Europe$11,987Stockholm
71%
Europe$14,195Zurich
71%
North America$12,239Boston
69%
Asia$10,404Guangzhou
68%
Europe$10,427Oslo
67%
Asia$12,676Taipei
66%
Asia$16,470Shenzhen
60%
Europe$14,337Munich
52%
Asia$14,139Tel Aviv
45%

Score Distribution

Percentile by Number Answered

Percent of People with Each Score

Your Score History

You have not taken this quiz since the last reset